col de France à plus de 1700m(route) - Statistiques

Statistiques générales
  • Ce quiz a été pris 83 fois
    77 depuis la dernière actualisation
  • Le résultat moyen est 13 sur 33
Statistiques - réponses
Hint Réponse % Correct
2642m col du Galibier
87%
2115m col du Tourmalet
80%
2764m col de l'Iseran
74%
2715m col de la Bonette
69%
2362m col d'Izoard
66%
2064m col de la Croix de Fer
59%
2744m (Italie) col Agnel
57%
2057m col du Lautaret
56%
1993m col de la Madeleine
54%
2108m col de Vars
52%
2188m (Italie) col du Petit Saint Bernard
51%
1909m Mont Ventoux
51%
2275m col de la Loze
44%
1922m col du Glandon
43%
2081m (Italie) col du Mont Cenis
43%
1709m col d'Aubisque
39%
1850m (Italie) col de Montgenèvre
36%
2408m( sommet en Andorre) port d'Envalira
36%
2240m col d'Allos
31%
2326m col de la Cayolle
31%
2350m (Italie) col de la Lombarde
31%
1967m Cormet de Roselend
30%
1700m col de Joux Plane
25%
1762m (Italie) col de l'échelle
25%
2045m col des Champs
23%
1703m col du pré
20%
1996m (Italie) col de Larche
18%
1794m (Espagne) col de Pourtalet
16%
2001m port de Pailhères
16%
1999m col de Sarenne
15%
1755m port de Balès
13%
1766m (Espagne) col de la Pierre Saint Martin
11%
1760m col de la Joux Verte
10%
Aucun quiz correspondant
Distribution des résultats
% des personnes avec chaque résultat
Percentile par nombre de réponses
Votre historique - résultats
Vous n’avez pas pris ce quiz depuis la dernière actualisation